Candidatos presidenciales de Costa Rica de 2022 - Statistics

General Stats
  • This quiz has been taken 15 times
  • The average score is 15 of 25
Answer Stats
Partido Candidato % Correct
Nueva República Fabricio Alvarado
100%
Liberación Nacional José María Figueres
100%
Frente Amplio José María Villalta
100%
Unidad Social Cristiana Lineth Saborío
100%
Liberal Progresista Eliécer Feinzaig
83%
Unidos Podemos Natalia Díaz
83%
Progreso Social Democrático Rodrigo Chávez
83%
Alianza Demócrata Cristiana Christian Rivera
67%
Restauración Nacional Eduardo Cruickshank
67%
Nueva Generación Sergio Mena
67%
Unión Liberal Federico Malavassi
67%
Accesibilidad sin Exclusión Óscar López
67%
Nuestro Pueblo Rodolfo Piza
67%
Justicia Social Costarricense Carmen Quesada
50%
De los Trabajadores Jhon Vega
50%
Costa Rica Justa Rolando Araya
50%
Acción Ciudadana Welmer Ramos
50%
Fuerza Nacional Greivin Moya
33%
Unión Costarricense Democrática Maricela Morales
33%
Pueblo Unido Martín Chinchilla
33%
Republicano Social Cristiano Rodolfo Hernández
33%
Movimiento Libertario Luis Alberto Cordero
17%
Encuentro Nacional Óscar Campos
17%
Movimiento Social Demócrata Costarricense Roulan Jiménez
17%
Integración Nacional Walter Muñoz
17%
No matching quizzes found
Score Distribution
Percent of People with Each Score
Percentile by Number Answered
Your Score History
You have not taken this quiz